Crab Champions Quiz - Statistics

General Stats
  • This quiz has been taken 47 times
  • The average score is 14 of 17
Answer Stats
Hint Answer % Correct
Famous meme/song related to the game Crab Rave
97%
Enemy that hovers in the air and shoots projectiles Skull, Pumpkin
97%
Number of islands to clear in order to win a crown 30
93%
Shopkeeper's name Tony
93%
In-game currency Crystals
90%
Category of perk that is usually high-risk but high-reward Greed
90%
Type of weapon that rhymes with "Deagle" Seagle
90%
Enemy that rolls around and explodes on impact Pufferfish
86%
Is used to gamble for potential perks and other benefits Totem
83%
Hardest difficulty Ultra Chaos
83%
Type of island where there is a countdown and endless enemies spawn Horde
79%
Creator of game Noisestorm
79%
Name of perk that provides a discount to all shop items Tony's Black Card
79%
The name of the biome's final bossfight that doesn't award a crown/option to loop Elite
76%
Skin unlocked for getting all achievements Golden Crab
76%
Name of perk that increases your max health at the end of every round Fortitude
66%
Release date (Format example: January 1 2000) April 1, 2023
45%
No matching quizzes found
Score Distribution
Percent of People with Each Score
Percentile by Number Answered
Your Score History
You have not taken this quiz